[Event "Cto Equipos Aragon 2013 Div. Honor I"]
[Site "Aragon"]
[Date "2013.03.09"]
[Round "7.4"]
[White "Galvez Perez, Jose Luis"]
[Black "Mancho Fondevila, Jorge"]
[Result "1-0"]
[WhiteElo "1925"]
[BlackElo "1878"]
[PlyCount "95"]
[EventDate "2013.??.??"]
[EventType "tourn"]
[EventRounds "7"]
[EventCountry "ESP"]
[WhiteTeam "Caissa - Hnos. Cortes"]
[BlackTeam "Casino Jaque"]

1. c4 c6 2. Nf3 d5 3. b3 Nf6 ({Más enérgico es,} 3... dxc4 $1 4. bxc4 e5 $1 5.
Nc3 (5. Nxe5 $2 Qd4 6. Nd3 Qxa1 7. Nc3 Na6 8. e3 Nb4 $19) 5... Nd7 6. g3 Ngf6
7. Bg2 Bd6 8. O-O O-O 9. Bb2 Qe7 10. a4 Nc5 11. Qc2 Re8 12. Ng5 h6 13. Nge4
Ncxe4 14. Nxe4 Bf5 15. Nxf6+ Qxf6 16. d3 Bc5 $11) 4. g3 g6 5. Bg2 Bg7 6. O-O
O-O 7. Bb2 Nbd7 8. Qc2 Re8 9. cxd5 cxd5 10. Nc3 Nb6 $6 ({Era necesario,} 10...
a6 $1 11. Rac1 e5 {con juego cómodo para las negras.}) ({También era posible,} 
10... Nc5 $5 {y contra} 11. Nb5 b6 12. b4 Bf5 13. d3 Ne6 14. Nh4 (14. Nfd4 Rc8
15. Qb3 Nxd4 16. Nxd4 Bd7 $1) 14... Rc8 15. Qb3 Qd7 16. Nxf5 gxf5 17. a4 $13)
11. a4 Bf5 12. d3 Rc8 13. Qd2 Nbd7 ({Se había jugado con anterioridad} 13... a6
14. a5 Na8 15. Na4 Bd7 16. Bd4 Bxa4 17. bxa4 $1 Nh5 18. Bxg7 Nxg7 19. Rfb1 $14
{Gil Reguera,J (2405)-Brito Garcia,A (2360) Gran Canaria 1989}) 14. Nd4 Nc5 15.
b4 Ne6 16. Nxf5 gxf5 17. Nb5 Qb6 18. e3 a6 19. Nd4 Nxd4 20. Bxd4 Qd8 21. Qb2 e6
22. Rfc1 Nh5 23. Bxg7 Nxg7 24. e4 fxe4 $6 ({Parece mejor,} 24... Rxc1+ $1 25.
Rxc1 dxe4 26. dxe4 f4 27. Qe5 fxg3 28. hxg3 Qd2 $1 {con cierto contrajuego
para las negras.}) 25. dxe4 Rxc1+ 26. Rxc1 d4 27. e5 Qb6 $2 ({Mejor es,} 27...
Qd7 28. b5 Rd8 29. bxa6 bxa6 30. Rc6 Nf5 $1) 28. a5 Qa7 29. Rc7 $16 Qb8 30. Rd7
Qxe5 31. Qxd4 Qe1+ 32. Bf1 Nf5 33. Qg4+ (33. Qf6 $1 Rf8 34. Qg5+ Kh8 35. Rxb7
$18) 33... Kf8 34. Qg5 Qc3 35. Rxb7 Nd4 36. Qc5+ $6 (36. Qf4 Nf3+ 37. Kg2 Ne5
$8 38. Rb6 Kg7 39. Bxa6 $18) 36... Qxc5 37. bxc5 Rc8 38. Rb4 Nf5 $4 ({Lo
correcto era,} 38... Nf3+ $1 39. Kg2 Ne1+ 40. Kh3 Rxc5 41. Ra4 Rh5+ $1 42. Kg4
Rxh2 43. Bxa6 h5+ 44. Kf4 Rxf2+ 45. Ke3 Rb2 46. Be2 Nc2+ 47. Kf2 Nb4 48. a6
Nxa6 $8 49. Rxa6 Kg7 $14 {con buenas posibilidades de tablas para las negras.})
39. Rc4 (39. Bxa6 $1 Rxc5 40. Ra4 Nd6 41. Bd3 f5 42. a6 Rc8 43. f3 $18) 39...
Rc6 (39... Ne7 $1) 40. Bg2 Rc7 41. c6 Ne7 42. Rb4 Nd5 43. Rb6 $1 $18 Ke7 44.
Bxd5 exd5 45. Rxa6 Kd6 46. Kf1 $1 Rxc6 47. Rxc6+ Kxc6 48. Ke2 1-0

[Event "Cto Equipos Aragon 2013 Div. Honor I"]
[Site "Aragon"]
[Date "2013.03.09"]
[Round "7.5"]
[White "Del Rey, Diego"]
[Black "Hefty Hilardo, Jorge Walter"]
[Result "1/2-1/2"]
[WhiteElo "2383"]
[BlackElo "2323"]
[PlyCount "56"]
[EventDate "2013.??.??"]
[EventType "tourn"]
[EventRounds "7"]
[EventCountry "ESP"]
[WhiteTeam "El Olivar"]
[BlackTeam "Ibercaja B"]

1. d4 d5 2. c4 c6 3. cxd5 cxd5 4. Nc3 Nf6 5. Nf3 Nc6 6. Bf4 Bf5 7. e3 e6 8. Bd3
Bxd3 9. Qxd3 Bd6 10. Bg5 O-O 11. O-O Be7 12. Rac1 Nd7 13. Bxe7 Qxe7 14. Na4 Qb4
15. Qc2 Rac8 16. a3 Qd6 17. Qd3 e5 18. dxe5 Ndxe5 19. Nxe5 Nxe5 20. Qd4 Nc6 21.
Qc5 Qe6 22. Nc3 Rfd8 23. Qb5 b6 24. Ne2 d4 25. Nxd4 Nxd4 26. exd4 Rxd4 27. Rce1
Qd7 28. Qxd7 Rxd7 1/2-1/2

[Event "Cto Equipos Aragon 2013 Div. Honor I"]
[Site "Aragon"]
[Date "2013.03.09"]
[Round "7.6"]
[White "Martinez Cebolla, Alberto"]
[Black "Chueca Forcen, Alberto"]
[Result "0-1"]
[WhiteElo "2053"]
[BlackElo "2310"]
[PlyCount "78"]
[EventDate "2013.??.??"]
[EventType "tourn"]
[EventRounds "7"]
[EventCountry "ESP"]
[WhiteTeam "Ibercaja B"]
[BlackTeam "El Olivar"]

1. e4 Nc6 2. d4 e5 3. Nf3 exd4 4. Nxd4 Nf6 5. Nc3 Bb4 6. Nxc6 bxc6 7. Bd3 d5 8.
exd5 cxd5 9. Qe2+ Be7 10. O-O O-O 11. Qf3 c6 12. h3 Be6 13. Bg5 Re8 14. Ne2 c5
15. c3 Rb8 16. b3 h6 17. Bh4 Bc8 18. Bg3 Rb6 19. Bf4 Bf8 20. Ng3 Bb7 21. Qd1 d4
22. c4 a5 23. Bd2 Qa8 24. f3 g6 25. Qc2 Bd6 26. Ne2 Kg7 27. a4 Bc7 28. Rae1 Nh5
29. Nc1 Rxe1 30. Rxe1 Bxf3 31. gxf3 Qxf3 32. Bxa5 Nf4 33. Bf1 Qg3+ 34. Kh1 Rf6
35. Qd2 Bxa5 36. Qxa5 Nxh3 37. Bxh3 Qxh3+ 38. Kg1 Qg3+ 39. Kh1 Rf2 0-1

[Event "Cto Equipos Aragon 2013 Div. Honor I"]
[Site "Aragon"]
[Date "2013.03.09"]
[Round "7.7"]
[White "Hernando Garcia, Antonio"]
[Black "Dimitrov Uzunov, Nedko"]
[Result "1-0"]
[WhiteElo "2173"]
[BlackElo "1896"]
[PlyCount "95"]
[EventDate "2013.??.??"]
[EventType "tourn"]
[EventRounds "7"]
[EventCountry "ESP"]
[WhiteTeam "El Olivar"]
[BlackTeam "Ibercaja B"]

1. c4 Nf6 2. Nc3 e6 3. Nf3 d5 4. cxd5 exd5 5. d4 Be7 6. Bg5 O-O 7. Qc2 Nbd7 8.
e3 Re8 9. Bd3 Nf8 10. O-O c6 11. Rab1 Ng6 12. b4 a6 13. a4 b5 14. Ne5 Bb7 15.
Bf5 Nf8 16. axb5 cxb5 17. Bxf6 Bxf6 18. Nd3 g6 19. Bh3 Ne6 20. Bxe6 fxe6 21. f4
Be7 22. Ra1 Bd6 23. Ra2 Qe7 24. Qb3 Rac8 25. Nb1 Qf6 26. Nd2 Rc7 27. Nf3 Rec8
28. Nc5 Bxc5 29. bxc5 Ra8 30. Ra5 Qf5 31. Qb1 Qf6 32. Qc2 Qd8 33. Rfa1 Qf6 34.
g4 Re8 35. g5 Qf5 36. Qxf5 exf5 37. Kf2 Re6 38. Ne5 Kf8 39. h4 Bc8 40. h5 Kg7
41. Kf3 gxh5 42. Rh1 Rb7 43. Rxh5 h6 44. Rxh6 Rbe7 45. Rxe6 Rxe6 46. Nd3 Re8
47. Nb4 Rh8 48. Nxa6 1-0

[Event "Cto Equipos Aragon 2013 Div. Honor I"]
[Site "Aragon"]
[Date "2013.03.09"]
[Round "7.8"]
[White "Larraz Giganto, Carlos"]
[Black "Melendez Fierro, Juan Bautista"]
[Result "0-1"]
[WhiteElo "1876"]
[BlackElo "2172"]
[PlyCount "76"]
[EventDate "2013.??.??"]
[EventType "tourn"]
[EventRounds "7"]
[EventCountry "ESP"]
[WhiteTeam "Ibercaja B"]
[BlackTeam "El Olivar"]

1. e4 e6 2. Nf3 d5 3. Nc3 Nf6 4. e5 Nfd7 5. d4 c5 6. dxc5 Bxc5 7. Bd3 Nc6 8.
Bf4 Be7 9. Qe2 a6 10. O-O-O b5 11. Rhe1 Nb4 12. a3 Nxd3+ 13. Qxd3 Nb6 14. Nd4
Bd7 15. Qg3 g6 16. Rd3 Rc8 17. Nb1 a5 18. Rc3 Nc4 19. Nd2 b4 20. Nxc4 dxc4 21.
Rf3 bxa3 22. bxa3 Qb6 23. Ne2 Rb8 24. Rc3 Qb2+ 25. Kd1 Rd8 26. Nd4 Bb5 27. Bc1
Rxd4+ 28. Ke2 Re4+ 29. Kd2 Rd4+ 30. Ke2 Qa2 31. Qf3 Rd5 32. Rd1 Rxd1 33. Kxd1
O-O 34. Ke2 Qa1 35. Bd2 Rd8 36. Qb7 Rxd2+ 37. Kxd2 Bg5+ 38. Re3 c3# 0-1

[Event "Cto Equipos Aragon 2013 Div. Honor I"]
[Site "Aragon"]
[Date "2013.03.09"]
[Round "7.9"]
[White "Adla, Diego Gustavo"]
[Black "Salamero Pelay, Fernando"]
[Result "1-0"]
[WhiteElo "2498"]
[BlackElo "2140"]
[PlyCount "95"]
[EventDate "2013.??.??"]
[EventType "tourn"]
[EventRounds "7"]
[EventCountry "ESP"]
[WhiteTeam "St Casablanca"]
[BlackTeam "Club Atletismo Huesca"]

1. c4 Nc6 2. g3 d5 3. cxd5 Qxd5 4. Nf3 Nf6 5. Nc3 Qh5 6. h3 e5 7. d3 Bb4 8. Nd2
O-O 9. Bg2 Re8 10. a3 Bxc3 11. bxc3 Be6 12. Rb1 Rab8 13. e4 Qxd1+ 14. Kxd1 Nd7
15. Kc2 Nc5 16. Nf3 f6 17. Be3 b6 18. Rhd1 Bf7 19. Nd2 Red8 20. Bf1 a5 21. Rb5
Na7 22. Rb2 Nc6 23. Bxc5 bxc5 24. Rdb1 a4 25. Rxb8 Rxb8 26. Rxb8+ Nxb8 27. d4
cxd4 28. cxd4 exd4 29. Bb5 Kf8 30. Bxa4 Na6 31. Bb3 Nc5 32. Bxf7 Kxf7 33. f3
Ke7 34. Nb3 Ne6 35. Kd3 c5 36. f4 Kd6 37. Kc4 h5 38. h4 g5 39. hxg5 fxg5 40.
fxg5 Nxg5 41. Nxc5 Ke5 42. Kd3 Nf3 43. a4 Kd6 44. Nb3 Ke5 45. Nd2 Ne1+ 46. Kc4
Nc2 47. a5 Ne3+ 48. Kc5 1-0

[Event "Cto Equipos Aragon 2013 Div. Honor I"]
[Site "Aragon"]
[Date "2013.03.09"]
[Round "7.10"]
[White "Luis Vitalla, Fernando Maria"]
[Black "Glavina Rossi, Pablo"]
[Result "0-1"]
[WhiteElo "2152"]
[BlackElo "2445"]
[PlyCount "62"]
[EventDate "2013.??.??"]
[EventType "tourn"]
[EventRounds "7"]
[EventCountry "ESP"]
[WhiteTeam "Club Atletismo Huesca"]
[BlackTeam "St Casablanca"]

1. Nf3 d5 2. d4 Nf6 3. c4 e6 4. Nc3 Be7 5. Bf4 O-O 6. e3 Nbd7 7. cxd5 Nxd5 8.
Nxd5 exd5 9. Bd3 Bb4+ 10. Nd2 c5 11. O-O c4 12. Bf5 Nf6 13. Bxc8 Rxc8 14. a3
Bd6 15. Bxd6 Qxd6 16. Rc1 b5 17. b4 a5 18. bxa5 Qxa3 19. Ra1 Qd3 20. a6 b4 21.
a7 Ra8 22. Ra4 Rfc8 23. Rxb4 Rxa7 24. Nf3 Qf5 25. Qb1 Qxb1 26. Rfxb1 g6 27. Kf1
Ne4 28. R1b2 Ra1+ 29. Ke2 Nc3+ 30. Kd2 Na2 31. Rb1 c3+ 0-1

[Event "Cto Equipos Aragon 2013 Div. Honor I"]
[Site "Aragon"]
[Date "2013.03.09"]
[Round "7.11"]
[White "Lopez Gracia, Fernando"]
[Black "Bellosta Lopez, Pablo"]
[Result "1-0"]
[WhiteElo "2368"]
[BlackElo "2072"]
[PlyCount "106"]
[EventDate "2013.??.??"]
[EventType "tourn"]
[EventRounds "7"]
[EventCountry "ESP"]
[WhiteTeam "St Casablanca"]
[BlackTeam "Club Atletismo Huesca"]

1. Nf3 c5 2. c4 Nc6 3. d4 cxd4 4. Nxd4 e5 5. Nb5 d6 6. N1c3 a6 7. Na3 h6 8. g3
Nf6 9. Bg2 Be7 10. O-O O-O 11. Nc2 Rb8 12. b3 Be6 13. Ne3 Nd4 14. Ned5 b5 15.
e3 Nf5 16. cxb5 Nxd5 17. Nxd5 Rxb5 18. Bb2 h5 19. Nxe7+ Nxe7 20. Qxh5 Qd7 21.
Qe2 Bg4 22. f3 Bh5 23. e4 d5 24. exd5 Rxd5 25. Rad1 Nc6 26. Rxd5 Qxd5 27. Rd1
Nd4 28. Bxd4 exd4 29. Qc4 Rd8 30. Qxd5 Rxd5 31. g4 Bg6 32. f4 Rd6 33. f5 Bh7
34. Be4 g6 35. Kg2 gxf5 36. gxf5 Kg7 37. Kf3 Kf6 38. Kf4 Ke7 39. h4 f6 40. Rg1
Kf8 41. Rc1 Bg8 42. Rc6 Ke7 43. Rxd6 Kxd6 44. Bd3 a5 45. Bc4 Bh7 46. a3 Kc5 47.
Be6 Kd6 48. b4 axb4 49. axb4 Kc6 50. Ke4 Kb5 51. Kxd4 Kxb4 52. Kd5 Kc3 53. Ke4
Kd2 1-0

[Event "Cto Equipos Aragon 2013 Div. Honor I"]
[Site "Aragon"]
[Date "2013.03.09"]
[Round "7.12"]
[White "Laplaza Ara, Carlos"]
[Black "Quintin Navarro, Alberto"]
[Result "0-1"]
[WhiteElo "2020"]
[BlackElo "2220"]
[PlyCount "76"]
[EventDate "2013.??.??"]
[EventType "tourn"]
[EventRounds "7"]
[EventCountry "ESP"]
[WhiteTeam "Club Atletismo Huesca"]
[BlackTeam "St Casablanca"]

1. d4 Nf6 2. Nf3 g6 3. c4 Bg7 4. Nc3 d6 5. e4 O-O 6. Be2 e5 7. dxe5 dxe5 8.
Qxd8 Rxd8 9. Bg5 Nbd7 10. O-O-O Rf8 11. Ne1 Nc5 12. f3 Ne6 13. Be3 Nd7 14. Nd5
Re8 15. Nc2 c6 16. Nc3 a5 17. b3 Bf8 18. Kb2 Bb4 19. a3 Bxc3+ 20. Kxc3 c5 21.
a4 Nd4 22. Bxd4 cxd4+ 23. Kb2 b6 24. Na3 Nc5 25. Nb5 Re7 26. Rhe1 Bb7 27. Bd3
Rd8 28. Kc2 Bc8 29. g4 Kg7 30. h4 Rh8 31. Rg1 h5 32. g5 Ba6 33. Rdf1 Bxb5 34.
axb5 Ne6 35. Ra1 f6 36. gxf6+ Kxf6 37. Rg3 Rg8 38. Rag1 Reg7 0-1

[Event "Cto Equipos Aragon 2013 Div. Honor I"]
[Site "Aragon"]
[Date "2013.03.09"]
[Round "7.13"]
[White "Ramon Perez, Jose Luis"]
[Black "Gavin Roche, Enrique"]
[Result "1-0"]
[WhiteElo "2236"]
[BlackElo "2249"]
[PlyCount "72"]
[EventDate "2013.??.??"]
[EventType "tourn"]
[EventRounds "7"]
[EventCountry "ESP"]
[WhiteTeam "Agrupacion"]
[BlackTeam "ONCE C.A. Aragon"]

1. e4 e6 2. d4 d5 3. Nc3 Bb4 4. exd5 exd5 5. Bd3 Nc6 6. a3 Be7 7. Nf3 Bg4 8. h3
Bh5 9. Bf4 Nf6 10. g4 Bg6 11. Ne5 Nxe5 12. Bxe5 O-O 13. Bxg6 fxg6 14. Qd3 c6
15. O-O-O b5 16. f3 Nd7 17. f4 b4 18. axb4 Bxb4 19. h4 Qa5 20. Nb1 Nxe5 21.
fxe5 Rf4 22. Rhf1 Raf8 23. Rxf4 Rxf4 24. Qg3 Rf8 25. h5 Be7 26. Na3 Bg5+ 27.
Kb1 Bf4 28. Qh3 g5 29. Qd3 Rb8 30. Ka2 Qb4 31. Qb3 Qf8 32. Qd3 Qc8 33. Qe2 Qb7
34. Rb1 Qb4 35. Qd3 Qa5 36. c3 Rf8 1-0

[Event "Cto Equipos Aragon 2013 Div. Honor I"]
[Site "Aragon"]
[Date "2013.03.09"]
[Round "7.14"]
[White "Campos Hernandez, Antonio"]
[Black "Remiro Juste, Fernando Jose"]
[Result "0-1"]
[WhiteElo "2183"]
[BlackElo "2216"]
[PlyCount "69"]
[EventDate "2013.??.??"]
[EventType "tourn"]
[EventRounds "7"]
[EventCountry "ESP"]
[WhiteTeam "ONCE C.A. Aragon"]
[BlackTeam "Agrupacion"]

1. d4 g6 2. c4 Bg7 3. Nc3 d6 4. e4 Nc6 5. d5 Nd4 6. Be3 c5 7. Nge2 Qb6 8. Qd2
Bd7 9. O-O-O Nxe2+ 10. Bxe2 O-O-O 11. h4 h6 12. g4 Nf6 13. f3 h5 14. Rdg1 a6
15. e5 Ne8 16. gxh5 Bxe5 17. hxg6 fxg6 18. f4 Bf6 19. Rxg6 Rxh4 20. Rxh4 Bxh4
21. Ne4 Qc7 22. Ng5 Nf6 23. Rh6 Bxg5 24. fxg5 Ne4 25. Qc2 Ng3 26. Bd3 Rf8 27.
g6 Qd8 28. Qg2 Nf5 29. Bxf5 Bxf5 30. Qg5 Qa5 31. Bf2 Qxa2 32. Kd1 Qb1+ 33. Ke2
Qd3+ 34. Ke1 Bxg6 35. Rh1 0-1

[Event "Cto Equipos Aragon 2013 Div. Honor I"]
[Site "Aragon"]
[Date "2013.03.09"]
[Round "7.15"]
[White "Mimbela Lopez, Miguel Angel"]
[Black "Laliena Solares, Luis M"]
[Result "0-1"]
[WhiteElo "2187"]
[BlackElo "2160"]
[PlyCount "42"]
[EventDate "2013.??.??"]
[EventType "tourn"]
[EventRounds "7"]
[EventCountry "ESP"]
[WhiteTeam "Agrupacion"]
[BlackTeam "ONCE C.A. Aragon"]

1. e4 e6 2. Nf3 d5 3. Nc3 c5 4. exd5 exd5 5. d4 c4 6. Be2 Bb4 7. O-O Ne7 8. Bf4
O-O 9. Nb5 Ba5 10. b4 a6 11. a4 axb5 12. bxa5 b4 13. Re1 Nbc6 14. Ne5 f6 15.
Nxc6 Nxc6 16. Bf3 Bf5 17. g4 Bg6 18. Re6 Bxc2 19. Qd2 b3 20. Rd6 Qxa5 21. Bxd5+
Kh8 0-1

[Event "Cto Equipos Aragon 2013 Div. Honor I"]
[Site "Aragon"]
[Date "2013.03.09"]
[Round "7.16"]
[White "Cobo Garrido, Diego Israel"]
[Black "Carruez Berges, Santiago"]
[Result "0-1"]
[WhiteElo "2059"]
[BlackElo "2119"]
[PlyCount "90"]
[EventDate "2013.??.??"]
[EventType "tourn"]
[EventRounds "7"]
[EventCountry "ESP"]
[WhiteTeam "ONCE C.A. Aragon"]
[BlackTeam "Agrupacion"]

1. e4 e6 2. d4 d5 3. Nd2 Nc6 4. Ngf3 Nf6 5. e5 Nd7 6. Be2 Be7 7. Nf1 Na5 8. Ne3
c5 9. c3 Nc6 10. O-O cxd4 11. cxd4 Nb6 12. a4 a5 13. Bb5 Bd7 14. Bxc6 Bxc6 15.
b3 O-O 16. Ba3 Nd7 17. Bxe7 Qxe7 18. Qd3 Rfc8 19. Rfe1 Nf8 20. h4 h6 21. Ng4
Rc7 22. Qd2 b6 23. h5 Nh7 24. Qf4 Rac8 25. Re3 Be8 26. Rae1 Kh8 27. Rd3 b5 28.
Ree3 bxa4 29. bxa4 Bxa4 30. Ra3 Qb4 31. Kh2 Bd1 32. Ra1 Bxf3 33. Rxf3 Ng5 34.
Rg3 Kh7 35. Rga3 Rc4 36. f3 Rxd4 37. Qe3 Qd2 38. Qg1 Nxf3+ 39. Rxf3 Rxg4 40.
Raa3 Rc2 41. Rg3 Rh4+ 42. Rh3 Qf4+ 43. Rag3 Rxh3+ 44. Kxh3 Qxe5 45. Qd1 Qf5+
0-1

[Event "Cto Equipos Aragon 2013 Div. Honor II"]
[Site "Aragon"]
[Date "2013.03.09"]
[Round "7.18"]
[White "Guzman Moneo, Alberto"]
[Black "Solano Lasierra, Javier"]
[Result "1/2-1/2"]
[WhiteElo "2192"]
[BlackElo "2188"]
[PlyCount "86"]
[EventDate "2013.??.??"]
[EventType "tourn"]
[EventRounds "7"]
[EventCountry "ESP"]
[WhiteTeam "Helios"]
[BlackTeam "L`Aurora Estadilla"]

1. e4 e6 2. d4 d5 3. Nd2 c5 4. c3 Nc6 5. Ngf3 Nf6 6. Bd3 cxd4 7. cxd4 Qb6 8.
O-O Be7 9. e5 Nd7 10. Nb3 f6 11. Nh4 O-O 12. Qh5 f5 13. Nf3 g6 14. Qh6 Rf7 15.
Bg5 Bf8 16. Qh4 h6 17. Be3 Qd8 18. Qxd8 Nxd8 19. h4 a6 20. Rac1 Nc6 21. Bd2 Kg7
22. Na5 Ndb8 23. a3 Rc7 24. Rc2 b6 25. Nxc6 Rxc6 26. Rfc1 Bb7 27. Kh2 Rxc2 28.
Rxc2 Nc6 29. Kh3 Rc8 30. g4 Ne7 31. Bb4 Rxc2 32. Bxc2 Nc6 33. Bc3 b5 34. Kg3 a5
35. h5 b4 36. axb4 axb4 37. Bd2 fxg4 38. Kxg4 g5 39. Ba4 Be7 40. Be3 Na5 41.
Bd7 Kf7 42. Bb5 Nc4 43. Bc1 Bc8 1/2-1/2

[Event "Cto Equipos Aragon 2013 Div. Honor II"]
[Site "Aragon"]
[Date "2013.03.09"]
[Round "7.19"]
[White "Escuer Sanchez, Nestor"]
[Black "Cerrajeria Ruiz, Jesus Maria"]
[Result "0-1"]
[WhiteElo "2063"]
[BlackElo "2155"]
[PlyCount "44"]
[EventDate "2013.??.??"]
[EventType "tourn"]
[EventRounds "7"]
[EventCountry "ESP"]
[WhiteTeam "L`Aurora Estadilla"]
[BlackTeam "Helios"]

1. d4 Nf6 2. Nf3 g6 3. g3 c5 4. Bg2 Bg7 5. O-O O-O 6. d5 b5 7. a4 Bb7 8. Ne1
bxa4 9. c4 d6 10. Nc3 Nfd7 11. Nxa4 Ne5 12. Rb1 Nxc4 13. b4 cxb4 14. Rxb4 Ba6
15. Nd3 Nd7 16. Qc2 Rc8 17. Qa2 Qa5 18. Bg5 h6 19. Bf4 g5 20. Bd2 Nxd2 21. Qxd2
Bxd3 22. exd3 Bc3 0-1

[Event "Cto Equipos Aragon 2013 Div. Honor II"]
[Site "Aragon"]
[Date "2013.03.09"]
[Round "7.20"]
[White "Navarro Alonso, Jorge Luis"]
[Black "Pellicer Cerezuela, Miguel"]
[Result "1-0"]
[WhiteElo "2161"]
[BlackElo "1794"]
[PlyCount "71"]
[EventDate "2013.??.??"]
[EventType "tourn"]
[EventRounds "7"]
[EventCountry "ESP"]
[WhiteTeam "Helios"]
[BlackTeam "L`Aurora Estadilla"]

1. e4 e6 2. d4 d5 3. Nc3 Nf6 4. e5 Nfd7 5. f4 c5 6. Nf3 Nc6 7. Be3 Be7 8. Qd2
a6 9. dxc5 Nxc5 10. O-O-O b5 11. Nd4 Nxd4 12. Bxd4 Bb7 13. Kb1 Rc8 14. Bd3 Nxd3
15. cxd3 Bb4 16. Rc1 O-O 17. h4 Bc5 18. Qe3 Bxd4 19. Qxd4 f6 20. Rce1 Bc6 21.
h5 h6 22. Rhf1 f5 23. Ne2 Be8 24. g4 fxg4 25. f5 Rxf5 26. Rxf5 exf5 27. Nf4
Bxh5 28. Nxh5 Qh4 29. Qxd5+ Kh8 30. Rh1 Qf2 31. a3 Qc2+ 32. Ka1 Qc7 33. e6 f4
34. Qe4 f3 35. e7 Re8 36. Nf6 1-0

[Event "Cto Equipos Aragon 2013 Div. Honor II"]
[Site "Aragon"]
[Date "2013.03.09"]
[Round "7.26"]
[White "Antoli Royo, Joaquin Miguel"]
[Black "Gimenez Martinez, Alberto"]
[Result "0-1"]
[WhiteElo "2412"]
[BlackElo "2171"]
[PlyCount "114"]
[EventDate "2013.??.??"]
[EventType "tourn"]
[EventRounds "7"]
[EventCountry "ESP"]
[WhiteTeam "Jaime Casas"]
[BlackTeam "St. Casablanca B"]

1. e4 c5 2. c3 d5 3. exd5 Qxd5 4. d4 cxd4 5. cxd4 e6 6. Nc3 Qd8 7. Nf3 Nf6 8.
Bd3 Be7 9. O-O O-O 10. Bc2 b6 11. Re1 Bb7 12. Bg5 Nbd7 13. Qd3 Re8 14. a3 Nf8
15. Rad1 Nd5 16. Bc1 a6 17. Ne5 Rc8 18. Qh3 Ng6 19. Bb1 Bg5 20. f4 Bxf4 21.
Nxf7 Kxf7 22. Qxh7 Nf8 23. Qh5+ Kg8 24. Rf1 Nf6 25. Qh4 Bxc1 26. Rxc1 Rc7 27.
Rcd1 Rf7 28. Qh3 Ree7 29. Rf4 g5 30. Rff1 Rd7 31. Rde1 Rxd4 32. Re2 Rh4 33. Qg3
Nh5 34. Qe5 Qd4+ 35. Qxd4 Rxd4 36. Re5 Rxf1+ 37. Kxf1 Nf6 38. Rxg5+ Kf7 39. Ke2
Rc4 40. Bd3 Rc5 41. Rg3 N8d7 42. Bg6+ Ke7 43. Bd3 Kf7 44. Bg6+ Kf8 45. h4 b5
46. Bb1 Rh5 47. Rd3 Rxh4 48. Ba2 Ke7 49. Re3 e5 50. Rg3 Rg4 51. Rxg4 Nxg4 52.
Bd5 Bxd5 53. Nxd5+ Kd6 54. Nc3 Kc5 55. Ne4+ Kc4 56. Nd2+ Kd4 57. Kf3 Ndf6 0-1

[Event "Cto Equipos Aragon 2013 Div. Honor II"]
[Site "Aragon"]
[Date "2013.03.09"]
[Round "7.27"]
[White "Jaques Burguete, Raul"]
[Black "Ramiro Ovejero, Juan Luis"]
[Result "0-1"]
[WhiteElo "2027"]
[BlackElo "2362"]
[PlyCount "96"]
[EventDate "2013.??.??"]
[EventType "tourn"]
[EventRounds "7"]
[EventCountry "ESP"]
[WhiteTeam "St. Casablanca B"]
[BlackTeam "Jaime Casas"]

1. e4 c6 2. d4 d5 3. e5 Bf5 4. f4 e6 5. Nf3 c5 6. Bb5+ Nc6 7. c3 Bg4 8. O-O Qb6
9. Qa4 a6 10. Bxc6+ Qxc6 11. Qxc6+ bxc6 12. Be3 Rb8 13. dxc5 Bxf3 14. Rxf3 Rxb2
15. Nd2 Nh6 16. Nb3 Nf5 17. Bd4 Be7 18. Rf2 Rxf2 19. Kxf2 Kd7 20. Nd2 Rb8 21.
a4 Rb2 22. Ke2 Bd8 23. Kd3 Nxd4 24. cxd4 Ba5 25. Nf3 Rxg2 26. Rg1 Rxg1 27. Nxg1
f6 28. Nf3 Bc7 29. h4 h5 30. Ne1 Ke7 31. Ke3 fxe5 32. dxe5 Bd8 33. Nf3 Kd7 34.
Ng5 Ba5 35. Nf3 Bb4 36. Kd4 Ke7 37. Ng5 Be1 38. Kd3 Bxh4 39. Nf3 Bg3 40. Nd4
Kd7 41. Ke3 Be1 42. f5 exf5 43. Kf4 g6 44. Kg5 Bf2 45. e6+ Ke7 46. Nxc6+ Kxe6
47. Nb8 Bxc5 48. Nxa6 Bd6 0-1

[Event "Cto Equipos Aragon 2013 Div. Honor II"]
[Site "Aragon"]
[Date "2013.03.09"]
[Round "7.28"]
[White "Fontana Sotomayor, Luis Javier"]
[Black "Garcia Andres, Daniel"]
[Result "1-0"]
[WhiteElo "2315"]
[BlackElo "2024"]
[PlyCount "69"]
[EventDate "2013.??.??"]
[EventType "tourn"]
[EventRounds "7"]
[EventCountry "ESP"]
[WhiteTeam "Jaime Casas"]
[BlackTeam "St. Casablanca B"]

1. d4 c5 2. e3 cxd4 3. exd4 d5 4. Bd3 Nc6 5. c3 g6 6. Bf4 Bg7 7. h3 Nf6 8. Nf3
O-O 9. O-O Re8 10. Re1 Nd7 11. Na3 a6 12. Nc2 e5 13. dxe5 Ndxe5 14. Nxe5 Nxe5
15. Bf1 b6 16. Nd4 Bb7 17. Qb3 Rc8 18. Rad1 Nd7 19. Rxe8+ Qxe8 20. Bd6 Qd8 21.
Qc2 Bxd4 22. Rxd4 Qf6 23. Qd2 Qxd6 24. c4 Nf6 25. cxd5 Bxd5 26. Bxa6 Re8 27.
Bc4 Re5 28. f4 Rh5 29. g4 Rxh3 30. Bxd5 Qc5 31. b4 Rg3+ 32. Kf2 Qc3 33. Qxc3
Rxc3 34. Bf3 Rc2+ 35. Kg3 {Tiempo} 1-0

[Event "Cto Equipos Aragon 2013 Div. Honor II"]
[Site "Aragon"]
[Date "2013.03.09"]
[Round "7.29"]
[White "Villuendas Valero, Adrian"]
[Black "Carretero Cacho, Juan Jose"]
[Result "1-0"]
[WhiteElo "2301"]
[BlackElo "2139"]
[PlyCount "85"]
[EventDate "2013.??.??"]
[EventType "tourn"]
[EventRounds "7"]
[EventCountry "ESP"]
[WhiteTeam "Ramiro"]
[BlackTeam "Agrupacion B"]

1. e4 e5 2. Nf3 d6 3. d4 exd4 4. Nxd4 Nf6 5. Nc3 Be7 6. g3 O-O 7. Bg2 Na6 8.
O-O c6 9. h3 Qc7 10. Bf4 Re8 11. Re1 Bf8 12. Qd2 Bd7 13. g4 Rad8 14. Nde2 Nc5
15. Ng3 Ne6 16. g5 Nxf4 17. Qxf4 Re6 18. gxf6 Rxf6 19. Qe3 Qc8 20. h4 Rh6 21.
h5 Bg4 22. Nce2 Bxh5 23. Nxh5 Rxh5 24. Ng3 Rb5 25. b3 g6 26. Rad1 h5 27. Qf4
Re5 28. Rd3 Be7 29. Red1 h4 30. Nf1 Rg5 31. Kh1 Kg7 32. Bh3 Qc7 33. Ne3 b5 34.
c4 Qa5 35. cxb5 Rxb5 36. a4 Rbb8 37. Rg1 Qe5 38. Nf5+ Kf8 39. Qh6+ Kg8 40.
Rxg6+ fxg6 41. Qxg6+ Kh8 42. Qh6+ Kg8 43. Nxe7+ 1-0

[Event "Cto Equipos Aragon 2013 Div. Honor II"]
[Site "Aragon"]
[Date "2013.03.09"]
[Round "7.30"]
[White "Mimbela Lopez, Luis"]
[Black "Sacristan Latorre, Alberto"]
[Result "1-0"]
[WhiteElo "2118"]
[BlackElo "2063"]
[PlyCount "101"]
[EventDate "2013.??.??"]
[EventType "tourn"]
[EventRounds "7"]
[EventCountry "ESP"]
[WhiteTeam "Agrupacion B"]
[BlackTeam "Ramiro"]

1. d4 Nf6 2. Nf3 g6 3. Nc3 d5 4. Bf4 Bg7 5. Qd2 O-O 6. O-O-O c6 7. Bh6 b5 8.
Bxg7 Kxg7 9. Ne5 Qa5 10. h4 b4 11. Nb1 Ne4 12. Qe1 Qb6 13. h5 Nd7 14. hxg6 fxg6
15. f3 Nef6 16. Qh4 h5 17. Nd2 c5 18. Qg5 Nxe5 19. dxe5 Nh7 20. Qxe7+ Rf7 21.
Qh4 c4 22. e4 c3 23. Nb3 a5 24. exd5 a4 25. Nd4 cxb2+ 26. Kb1 b3 27. e6 bxa2+
28. Kxa2 Rb7 29. Nb5 Ra5 30. c4 Rxb5 31. cxb5 Nf6 32. Qd4 Qd6 33. g4 g5 34.
gxh5 b1=Q+ 35. Kxb1 Qa3 36. h6+ Kg8 37. h7+ Nxh7 38. Qb2 Qxf3 39. Bd3 g4 40.
Qe2 Qf4 41. Qe4 Rxb5+ 42. Ka2 Qxe4 43. Bxe4 Nf6 44. Bg2 Bb7 45. Rhe1 Kf8 46.
Re5 Rb4 47. Rf1 Ke7 48. Rg5 Ne8 49. Rf7+ Kd6 50. Rd7+ Kc5 51. d6+ 1-0